000 003340000a22001450004500
005 20120302062737.0
942 _cBOOK
100 _a BHIDE, ASHA
245 _a SANGE GEETA
260 _aTHANE: SADDHARMA PRAKASHAN ,2003
300 _a28 P.
040 _aMAR
365 _bRS.90/-
650 _aHINDU DHARMA / GEETA / BHAGVAD GEETA
999 _c357546
_d357543